Statistics for Largest Cities and Towns of INDIANA by First Letter

Click here to take the quiz!

General Stats

  • This quiz has been taken 113 times
    (93 since last reset)
  • The average score is 13 of 24

Answer Stats

LetterPopulationCITY/TOWN% Correct
I867,125Indianapolis
97%
G75,282Gary
91%
E117,963Evansville
90%
F267,633Fort Wayne
90%
C93,510Carmel
82%
S101,860South Bend
81%
B84,981Bloomington
78%
H75,795Hammond
76%
A55,037Anderson
72%
L72,168Lafayette
69%
M68,529Muncie
69%
K57,869Kokomo
66%
T60,785Terre Haute
63%
Z26,153Zionsville
63%
N63,133Noblesville
45%
W48,308West Lafayette
45%
R35,353Richmond
43%
J47,432Jeffersonville
40%
V33,729Valparaiso
31%
P36,806Portage
21%
Y11,157Yorktown
16%
D15,987Dyer
4%
U3,729Upland
4%
O3,389Ossian
3%

Score Distribution

Percentile by Number Answered

Percent of People with Each Score

Your Score History

You have not taken this quiz since the last reset